000 01230cam a22002771i 4500
003 SA-RiAUC
005 20241124071022.0
008 241121s1997 su g b f00010 ara c
040 _aOM-MuSQU
_bara
_cSA-RiAUC
_erda
082 0 4 _a253.9001
_qSA-RiAUC
090 _a253.9001
_bس ل م
100 1 _aالسلمي، سعد بن غرير بن مهدي
_eمؤلف.
245 1 0 _aشركة المضاربة في الفقه الإسلامي :
_bدراسة تحليلية مقارنة /
_cإعداد سعد بن غرير بن مهدي السلمي.
264 1 _aمكة المكرمة :
_bجامعة أم القرى، مركز البحث العلمي وإحياء التراث الإسلامي،
_c1997
300 _a383 صفحة ؛
_c24 سم.
336 _aنص
_btxt
_2rdacontent
_3كتاب
337 _aبدون وسيط
_bn
_2rdamedia
338 _aمجلد
_bnc
_2rdacarrier
490 0 _aسلسلة بحوث الدراسات الإسلامية
504 _aببليوجرافية : صفحة 343-374.
650 7 _aالمضاربات (فقه إسلامي)
_2aucsh
650 7 _aالشراكة (فقه إسلامي)
_2aucsh
942 _2ddc
_cBOOK
_n0
949 _aSA-JeALM
_d241121
_umohamedma123
_n1
999 _c2683
_d2683